| 000 | 00890cad a22001935a 4500 | ||
|---|---|---|---|
| 001 | E150260 | ||
| 008 | 100617e20100602xxk f 000 0 eng d | ||
| 035 | _a(Sirsi) u150260 | ||
| 041 | 0 | _aeng | |
| 110 | 2 |
_aScotland _bScottish Government _95344 |
|
| 245 | 0 | 2 |
_aA policy on design quality for NHSScotland _b2010 revision _h[electronic resource] |
| 260 |
_aEdinburgh _bScottish Government _c2010 |
||
| 520 | _aSets out a revised Policy on Design Quality for NHSScotland, and also offers guidance on strategic Design Action Plans and Design Statements, and provides supporting guidance and further sources of information. | ||
| 590 | _aKA | ||
| 651 | 4 |
_aScotland _y1999- |
|
| 690 | _aPROPERTY-OTHER PROPERTY TYPES-HEALTHCARE AND WELFARE PROPERTY | ||
| 856 | 4 | 0 |
_uhttps://www.sehd.scot.nhs.uk/mels/cel2010_19.pdf _zView the policy free of charge (PDF file) at www.sehd.scot.nhs.uk |
| 942 | _n0 | ||
| 999 |
_c110810 _d110810 |
||